| 000 | 005350000a22001930004500 | ||
|---|---|---|---|
| 001 | 001582 | ||
| 003 | MACL | ||
| 005 | 20150728153257.0 | ||
| 008 | 150728b xxu||||| |||| 00| 0 eng d | ||
| 040 |
_aMACL _cMACL |
||
| 041 | _aEnglish | ||
| 082 | _a332.4/KUM | ||
| 100 |
_aKumar, Arya Ashok _92887 |
||
| 245 |
_aTaxmann's Money Laundering _bCombating The Menace In Global & Indian Context _cArya Ashok Kumar |
||
| 260 |
_aTaxmann Allied Services, _c2003 _bDelhi |
||
| 350 | _a195 | ||
| 650 |
_aEconomics _92889 |
||
| 942 |
_k332 _cBK _2ddc |
||
| 999 |
_c13502 _d13502 |
||